Villes de plus de 100 000 habitants en Israël-Palestine sur une carte - Statistiques

Statistiques générales
  • Ce quiz a été pris 543 fois
  • Le résultat moyen est 10 sur 25
Réponses sur la Carte
Les réponses sont colorées sur une échelle allant du rouge au vert en fonction du pourcentage des utilisateurs qui les ont devinées à leur premier essai. Vous pouvez retrouver ces pourcentages ci-dessous.
 
Statistiques - réponses
Réponse Population (2021) Population (2017) % Correct
Al-Quds (Jérusalem) 281,163
97%
Jérusalem 966,210
97%
Gaza 631,215
93%
Tel Aviv-Jaffa 467,875
93%
Haïfa 282,832
75%
Rafah 208,449
55%
Hébron 201,063
49%
Netanya 224,066
45%
Beer-Sheva 211,251
44%
Ashkelon 149,160
43%
Khan Younès 246,307
42%
Ashdod 225,975
40%
Naplouse 156,906
39%
Rishon LeZion 257,128
27%
Ramat Gan 169,706
22%
Petah Tikva 252,270
21%
Holon 197,464
20%
Bat Yam 126,290
17%
Bnei Brak 212,395
17%
Jabaliya 222,166
16%
Herzliya 103,318
15%
Hadera 100,631
13%
Bet Shemesh 141,764
12%
Rehovot 147,878
12%
Kfar Saba 101,801
11%
Aucun quiz correspondant
Distribution des résultats
% des personnes avec chaque résultat
Percentile par nombre de réponses
Votre historique - résultats
Vous n’avez pas pris ce quiz